La vida cotidiana de los alquimistas en la Edad Media

محفوظ في:
التفاصيل البيبلوغرافية
المؤلف الرئيسي: Hutin, Serge (مؤلف)
التنسيق: كتاب
اللغة:الإسبانية
منشور في: Madrid Temas de Hoy 1989
سلاسل:Colección Historia
الموضوعات:
الوسوم: إضافة وسم
لا توجد وسوم, كن أول من يضع وسما على هذه التسجيلة!

MARC

LEADER 00000nam a2200000 a 4500
001 UCX2947
003 CL-VaPUC
008 910909e19890000SP |||||||||||||||||spa|d
082 0 4 |a 135  |b HUT  |2 21 
100 |a Hutin, Serge  |e author  |9 374890 
245 1 3 |a La vida cotidiana de los alquimistas en la Edad Media 
300 |a 239 p 
942 |c BK 
945 |d 19910909 00:00:00 
260 |a Madrid  |b Temas de Hoy  |c 1989 
650 0 |a Alquimistas  |9 319068 
583 |a last modification  |c 19910909 00:00:00  |k Rodrigo Vera 
490 0 |a Colección Historia 
999 |c 223845  |d 223843 
952 |0 0  |1 0  |4 0  |6 135_000000000000000_HUT_1989  |7 0  |8 A  |9 220057  |a BIBHIS  |b BIBHIS  |d 2019-11-15  |i 2887312  |l 4  |m 3  |o 135 HUT 1989  |p 2887312  |r 2025-01-20  |s 2023-07-06  |w 2019-11-15  |y BK  |k HIS